Nastroj na spracovanie a predikciu sietovych tokov

Saved in:
Bibliographic Details
Main Author: Abelovský, Gergely (Author)
Other Authors: Lúčanský, Ján (Thesis advisor)
Format: Manuscript Book
Language:Slovak
English
Published: 2017
Subjects:
Online Access:http://is.stuba.sk/zp/portal_zp.pl?podrobnosti=115382
Tags: Add Tag
No Tags, Be the first to tag this record!

MARC

LEADER 00000ntm a22000003a 4500
001 stuzp64354
003 SK-STU
005 20170624213256.6
007 ta
008 150427s2015----xo-----f-mn---000-0-slo-d
040 |a STU  |b slo 
041 0 |a eng 
100 1 |a Abelovský, Gergely  |u 070400  |4 aut  |U FIIT Fakulta informatiky a informačných technológií  |T FIIT Ústav počítačového inžinierstva a aplikovanej informatiky  |X 73645  |U I400  |Y 672  |7 73645 
242 0 1 |a Nastroj na spracovanie a predikciu sietovych tokov  |y slo 
245 1 0 |a Nastroj na spracovanie a predikciu sietovych tokov 
260 |c 2017 
650 4 |a Modelovanie sieťovej prevádzky  |2 slo 
650 4 |a Predikčný nástroj  |2 slo 
650 4 |a Generovanie a analýza sieťovej prevádzky  |2 slo 
650 4 |a Network traffic generation and analysis  |2 eng 
650 4 |a Network traffic modeling  |2 eng 
650 4 |a Prediction tool  |2 eng 
700 1 |a Lúčanský, Ján  |u 070400  |k Z3  |4 ths  |U FIIT Fakulta informatiky a informačných technológií  |T FIIT Ústav počítačového inžinierstva a aplikovanej informatiky  |X 56225  |U I400  |Y 672  |7 A000056225 
856 4 |u http://is.stuba.sk/zp/portal_zp.pl?podrobnosti=115382 
996 |b 11355  |c I* BAP130/17  |l II680  |s P  |a 0  |w stuzp64354_0001